Clube Atletico Mineiro - Statistics

Estatísticas Gerais
  • Esse quiz foi jogado 98 vezes
  • A pontuação média é 21 de 32
Estatísticas das Respostas
Posicao Resposta % Correto
Ata Hulk
99%
Gol Everson
97%
Lat Guilherme Arana
93%
Ata Paulinho
89%
Zag Lyanco
88%
Zag Junior Alonso
85%
Meio Gustavo Scarpa
84%
Lat Mariano
84%
Ata Vargas
82%
Lat Rubens
78%
Gol Matheus Mendes
76%
Lat Saravia
73%
Ata Deyverson
72%
Meio Zaracho
72%
Ata Alan Kardec
68%
Meio Battaglia
66%
Zag Igor Rabello
66%
Meio Alan Franco
65%
Zag Bruno Fuchs
64%
Meio Otavio
64%
Meio Bernard
59%
Gol Gabriel Delfim
59%
Ata Cadu
54%
Meio Fausto Vera
54%
Meio Igor Gomes
54%
Zag Mauricio Lemos
45%
Meio Paulo Vitor
45%
Zag Romulo
45%
Ata Brahian Palacios
41%
Ata Allison
38%
Gol Gabriel Atila
31%
Meio Robert
31%
Nenhum quiz correspondente encontrado
Distribuição das Pontuações
Porcentagem de Pessoas com Cada Pontuação
Percentil de Números Respondidos
Sua Pontuação Histórica
Você não jogou esse quiz